LEADER 00898nam a2200253 i 4500 001 991002652959707536 008 141211s2012 it b 000 0 ita d 020 $a9788813332174 035 $ab14209755-39ule_inst 040 $aDip. Studi Giuridici$bita 082 04$a346.45077 100 1 $aNatale, Andrea$0480355 245 13$aIl debitore ceduto /$cAndrea Natale 260 $aPadova :$bCEDAM,$c2012 300 $aviii, 261 p. ;$c24 cm 440 3$aLe monografie di Contratto e impresa ;$v150. 504 $aCon bibliografia. 650 4$aCessione di crediti$zItalia 907 $a.b14209755$b15-12-14$c11-12-14 912 $a991002652959707536 945 $aLE027 346.45 NAT02.01$g1$i2027000329441$lle027$nProf. Polidori$op$pE26.00$q-$rl$s- $t0$u0$v0$w0$x0$y.i15650170$z15-12-14 996 $aDebitore ceduto$9256919 997 $aUNISALENTO 998 $ale027$b11-12-14$cm$da $e-$fita$git $h3$i0